000 00651nam a22002057a 4500
999 _c14602
_d14602
003 AR-CdUCM
008 190409b ||||| |||| 00| 0 spa d
020 _a978-958-30-3118-2
040 _aMUNICIPALIDAD PROVINCIAL DEL CUSCO
_cBIBLIOTECA MUNICIPAL DEL CUSCO
082 _aPI / 808.06 /
_bD67
110 _aPanamericana editorial.
_933177
245 _aun día con Alejandro Magno /
260 _aColombia :
_bPanamericana editorial,
_c2009.
300 _c20 cm.
_a24 páginas ;
505 _aContenido :Un día con Alejandro Magno ...
650 _aCuentos
_9217
650 _aHistorias
_92725
942 _2ddc
_cLIBROS
945 _arum
_d2019-04-23